ბათუმის შოთა რუსთაველის სახელმწიფო უნივერსიტეტის ბიბლიოთეკა

Радикалы алгебр и структурная теория. (ბიბ.ჩანაწერი № 39117)

000 -LEADER
fixed length control field 00608nam a2200205Ia 4500
001 - CONTROL NUMBER
control field 5697
003 - CONTROL NUMBER IDENTIFIER
control field GE_BSU
008 - FIXED-LENGTH DATA ELEMENTS--GENERAL INFORMATION
fixed length control field 181216s||||||||xx |||||||||||||| ||und||
040 ## - CATALOGING SOURCE
Transcribing agency GE_BSU
080 ## - UNIVERSAL DECIMAL CLASSIFICATION NUMBER
Universal Decimal Classification number 512.55
100 ## - MAIN ENTRY--PERSONAL NAME
Personal name Андрунакиевич, В.А. Рябухин, Ю.М.;
245 ## - TITLE STATEMENT
Title Радикалы алгебр и структурная теория.
245 ## - TITLE STATEMENT
Statement of responsibility, etc. Ред. Ф.И. Кизнер
260 ## - PUBLICATION, DISTRIBUTION, ETC.
Place of publication, distribution, etc. Москва
260 ## - PUBLICATION, DISTRIBUTION, ETC.
Name of publisher, distributor, etc. Наука.
260 ## - PUBLICATION, DISTRIBUTION, ETC.
Date of publication, distribution, etc. 1979.
300 ## - PHYSICAL DESCRIPTION
Extent 495с.22см.
653 ## - INDEX TERM--UNCONTROLLED
Uncontrolled term Радикалы алгебр и структурная теория
942 ## - ADDED ENTRY ELEMENTS (KOHA)
Koha item type წიგნი
ეგზემპლარები
Withdrawn status Lost status Damaged status Not for loan Date acquired Barcode Date last seen Price effective from Koha item type
        2018-12-17 16711 2018-12-17 2018-12-17 წიგნი
        2018-12-17 16790 2018-12-17 2018-12-17 წიგნი
        2018-12-17 16971 2018-12-17 2018-12-17 წიგნი